000
00247nam a2200097Ia 4500
005
20251222114351.0
008
251222s1900||||xx |||||||||||||| ||spa||
082
_a
DVD0095/C515Q
245
0
_a
Enciclopedia Audiovisual Educativa: QuĂmica:
942
_c
DVD
999
_c
1257
_d
1257